ARRUPE JESUIT UNIVERSITY

CORONAVIRUS -STOP THE SPREAD - CLEAN,DISINFECT,COVER

Humankind : (Record no. 127872)

MARC details
000 -LEADER
fixed length control field 01569cam a2200361 i 4500
001 - CONTROL NUMBER
control field 19584630
003 - CONTROL NUMBER IDENTIFIER
control field ARRUPE
005 - DATE AND TIME OF LATEST TRANSACTION
control field 20180406123720.0
008 - FIXED-LENGTH DATA ELEMENTS--GENERAL INFORMATION
fixed length control field 170405s2017 nyu b 001 0 eng
010 ## - LIBRARY OF CONGRESS CONTROL NUMBER
LC control number 2017011128
020 ## - INTERNATIONAL STANDARD BOOK NUMBER
International Standard Book Number 9781786631329 (hardback : alk. paper)
020 ## - INTERNATIONAL STANDARD BOOK NUMBER
Cancelled/invalid ISBN 9781786631312 (UK EBK)
020 ## - INTERNATIONAL STANDARD BOOK NUMBER
Cancelled/invalid ISBN 9781786633136 (US EBK)
040 ## - CATALOGING SOURCE
Original cataloging agency DLC
Language of cataloging eng
Transcribing agency DLC
Description conventions rda
Modifying agency DLC
042 ## - AUTHENTICATION CODE
Authentication code pcc
050 00 - LIBRARY OF CONGRESS CALL NUMBER
Classification number BD450
Item number .M645 2017
082 00 - DEWEY DECIMAL CLASSIFICATION NUMBER
Classification number 128
Edition number 23
300 ## - PHYSICAL DESCRIPTION
Dimensions 22 cm.
100 1# - MAIN ENTRY--PERSONAL NAME
Personal name Morton, Timothy,
Dates associated with a name 1968-
Relator term author.
9 (RLIN) 41335
245 10 - TITLE STATEMENT
Title Humankind :
Remainder of title solidarity with nonhuman people /
Statement of responsibility, etc Timothy Morton.
260 ## - PUBLICATION, DISTRIBUTION, ETC. (IMPRINT)
Place of publication, distribution, etc London
Name of publisher, distributor, etc Verso
Date of publication, distribution, etc 2017
300 ## - PHYSICAL DESCRIPTION
Extent x, 205 p. ;
504 ## - BIBLIOGRAPHY, ETC. NOTE
Bibliography, etc Includes bibliographical references (pages 191-202) and index.
505 0# - FORMATTED CONTENTS NOTE
Formatted contents note Things in common: an introduction -- Life -- Specters -- Subscendence -- Species -- Kindness.
650 #0 - SUBJECT ADDED ENTRY--TOPICAL TERM
Topical term or geographic name as entry element Philosophical anthropology.
9 (RLIN) 41336
650 #0 - SUBJECT ADDED ENTRY--TOPICAL TERM
Topical term or geographic name as entry element Human beings.
9 (RLIN) 41337
650 #0 - SUBJECT ADDED ENTRY--TOPICAL TERM
Topical term or geographic name as entry element Animals (Philosophy)
9 (RLIN) 22339
650 #0 - SUBJECT ADDED ENTRY--TOPICAL TERM
Topical term or geographic name as entry element Human-animal relationships.
9 (RLIN) 41338
776 08 - ADDITIONAL PHYSICAL FORM ENTRY
Display text Online version:
Main entry heading Morton, Timothy, 1968- author.
Title Humankind
Place, publisher, and date of publication Brooklyn : Verso Books, 2017
International Standard Book Number 9781786631336
Record control number (DLC) 2017024047
906 ## - LOCAL DATA ELEMENT F, LDF (RLIN)
a 7
b cbc
c orignew
d 1
e ecip
f 20
g y-gencatlg
942 ## - ADDED ENTRY ELEMENTS (KOHA)
Source of classification or shelving scheme Library of Congress Classification
Koha item type Monograph ( Printed materials)
Holdings
Withdrawn status Lost status Source of classification or shelving scheme Damaged status Not for loan Collection code Home library Current library Shelving location Date acquired Total Checkouts Full call number Barcode Date last seen Date checked out Price effective from Koha item type
    Library of Congress Classification     Main Collection ARRUPE LIBRARY ARRUPE LIBRARY Main Collection 06/04/2018 7 BD450 .M645 2017 46600001723 29/04/2019 25/03/2019 06/04/2018 Monograph ( Printed materials)

 

Arrupe Library. PO Box MP320 Mt Pleasant, Harare, Zimbabwe
263 242 745411|librarian@aju.ac.zw